Sports Quiz

Random Sports or MLB Quiz

Washington Nationals Opening Day Starting Pitchers Quiz Stats

 Plays Quiz Updated Apr 2, 2018

Score 0/50 Timer 08:00
0 Plays Today
Year Name % Correct
2018Max Scherzer
94%
2012Stephen Strasburg
88.4%
2013Stephen Strasburg
88.3%
2014Stephen Strasburg
88.3%
2017Stephen Strasburg
88.3%
2015Max Scherzer
88.3%
2016Max Scherzer
88.3%
1988Dennis Martinez
75.6%
1993Dennis Martinez
75.6%
1992Dennis Martinez
75.6%
1991Dennis Martinez
75.6%
1990Dennis Martinez
75.6%
1989Dennis Martinez
75.6%
2005Liván Hernández
45.9%
2006Liván Hernández
45.9%
2011Liván Hernández
45.9%
2004Liván Hernández
45.8%
1985Steve Rogers
38%
1983Steve Rogers
38%
1982Steve Rogers
38%
1981Steve Rogers
38%
1980Steve Rogers
38%
1979Steve Rogers
38%
1978Steve Rogers
38%
1977Steve Rogers
38%
Year Name % Correct
1976Steve Rogers
38%
1986Bryn Smith
35.6%
2009John Lannan
20.8%
2010John Lannan
20.8%
2008Odalis Perez
18.2%
2002Javier Vázquez
18.2%
2001Javier Vázquez
18.2%
1998Carlos Perez
18.1%
1984Charlie Lea
14.7%
1972Bill Stoneman
13.8%
1996Jeff Fassero
13.6%
1995Jeff Fassero
13.6%
1994Jeff Fassero
13.6%
2003Tony Armas
11.3%
2007John Patterson
10.5%
1987Floyd Youmans
9.3%
1971Carl Morton
9.1%
1974Steve Renko
9%
2000Dustin Hermanson
7.9%
1999Dustin Hermanson
7.9%
1969Mudcat Grant
7.2%
1973Mike Torrez
6.6%
1975Dave McNally
6%
1997Jim Bullinger
4.3%
1970Joe Sparma
4.3%

You're not logged in!

Compare scores with friends on all Sporcle quizzes.
OR
Log In

You Might Also Like...

Show Comments

Extras

Top Quizzes Today


Score Distribution

Your Account Isn't Verified!

In order to create a playlist on Sporcle, you need to verify the email address you used during registration. Go to your Sporcle Settings to finish the process.

Report this User

Report this user for behavior that violates our Community Guidelines.

Details: